00601cam a22002291 4500001001300000003000400013005001700017008004100034010001700075035002000092040001800112042001200130050002100142100002500163245005000188260001100238300003100249500001400280504003100294650002900325999001700354sa 67001544 DLC20260227112323.0890417s1961 ii a b 000 0 hino  asa 67001544  a(OCoLC)19560149 aDLCcWaUdDLC apremarc00aPK1931b.T5 19611 aTiwari, Udai Narain.10aHindī bhāshā kā udgama aura vikāsa. c[1961] a24, 677 p.billus.c23 cm. aIn Hindi. aBibliographical footnotes. 0aHindi languagexHistory. c72708d72708